000 00357nam a2200145Ia 4500
008 230917s9999||||xx |||||||||||||| ||und||
040 _e126059
_aMAIN
041 _aEnglish
082 _a342 S48S
100 _aGupta, U N
245 0 _aSelect world constitutions. 2V
260 _aNew Delhi
_bAtlantic Publishers
_c2009
300 _a494 p.
942 _cBK
999 _c148621
_d148621